00465nam a2200109Ia 4500008004100000050002300041100003000064245014000094260008600234300002000320521001500340140724s9999 xx 000 0 und d aBF 318b.B171 2013 aBalalta, Christine Joy W. 4aThe effects of spoken cues and sung cues on the memory retention of first year BS Psychologyology students /cChristine Joy W. Balalta. aLas Piñas, Philippines :bSouthville International School and Colleges,cc2013. a53 p. :c28 cm. aPsychology